MARC

LEADER 00000nam0a2200000 4500
001 598340
005 20231226092923.0
029 1 0 |a RU  |b 557699  |c А. с.  |d МПК H 01 L 21/26 
035 |a (RuTPU)RU\TPU\tpu\21970 
035 |a RU\TPU\tpu\21745 
039 0 |a SU  |b 2313734  |c 19760112 
090 |a 598340 
100 |a 20121108j19780305k y0rusy50 ca 
101 0 |a rus 
102 |a RU 
105 |a a k 000zy 
200 1 |a Способ обработки ионных кристаллов  |f А. А. Воробьев [и др.]  |g Томский политехнический институт (ТПИ), Научно-исследовательский институт ядерной физики, электроники и автоматики (НИИ ЯФЭА) 
300 |a опубл. 05.03.78, Бюл. ОИПОТЗ № 9 
333 |a В фонде НТБ ТПУ отсутствует 
610 1 |a труды учёных ТПУ 
610 1 |a авторские свидетельства 
701 1 |a Воробьев  |b А. А.  |c российский физик  |c ректор Томского политехнического института, профессор  |f 1909-1981  |g Александр Акимович  |3 (RuTPU)RU\TPU\pers\12805  |4 070 
701 1 |a Арефьев  |b К. П.  |c физик  |c профессор Томского политехнического университета, доктор физико-математических наук  |c член-корреспондент РАЕН  |f 1947-  |g Константин Петрович  |3 (RuTPU)RU\TPU\pers\19765  |4 070  |9 7703 
701 1 |a Воробьев  |b С. А.  |c российский ученый, физик  |c старший научный сотрудник НИИ ядерной физики Томского политехнического университета  |f 1944-1992  |g Сергей Александрович  |3 (RuTPU)RU\TPU\pers\19776  |4 070 
701 1 |a Арефьев  |b В. П.  |c математик  |c доцент Томского политехнического университета, кандидат физико-математических наук, менеджер  |f 1950-  |g Владимир Петрович  |3 (RuTPU)RU\TPU\pers\27692  |4 070 
712 0 2 |a Томский политехнический институт (ТПИ)  |b Научно-исследовательский институт ядерной физики, электроники и автоматики (НИИ ЯФЭА)  |c (1958-1975)  |3 (RuTPU)RU\TPU\col\12423 
801 1 |a RU  |b 63413507  |c 20120214 
801 2 |a RU  |b 63413507  |c 20121108  |g RCR 
942 |c BK